书目信息 |
| 题名: |
数字电子技术
|
|
| 作者: | 常桂兰 , 王成安 , 任桂兰 主编 | |
| 分册: | ||
| 出版信息: | 北京 中国铁道出版社 2005.07 |
|
| 页数: | 251页 | |
| 开本: | 26cm | |
| 丛书名: | 高职高专计算机系列教材 | |
| 单 册: | ||
| 中图分类: | TN79 | |
| 科图分类: | ||
| 主题词: | 数字电路--shu zi dian lu--电子技术--高等教育--教材 | |
| 电子资源: | ||
| ISBN: | 7-113-06534-1 | |
| 000 | 01043nam 2200277 450 | |
| 001 | 012006164612 | |
| 005 | 20060920154855.53 | |
| 010 | @a7-113-06534-1@dCNY23.00 | |
| 100 | @a20060625d2005 km y0chiy0120 ea | |
| 101 | 0 | @achi |
| 102 | @aCN@b110000 | |
| 105 | @aak a 000yy | |
| 200 | 1 | @a数字电子技术@Ashu zi dian zi ji shu@f常桂兰, 王成安, 任桂兰主编@Fchang gui lan,wang cheng an,ren gui lan zhu bian |
| 210 | @a北京@c中国铁道出版社@d2005.07 | |
| 215 | @a251页@c图@d26cm | |
| 225 | 2 | @a高职高专计算机系列教材@Agao zhi gao zhuan ji suan ji xi lie jiao cai |
| 320 | @a有书目。 | |
| 330 | @a本书共分8章,内容包括数字电路基础、逻辑门电路、组合逻辑电路、集成触发电路、集成触发器、时序逻辑电路、脉冲的产生与整形等。 | |
| 410 | 0 | @12001 @a高职高专计算机系列教材 |
| 606 | 0 | @a数字电路@Ashu zi dian lu@x电子技术@x高等教育@j教材 |
| 690 | @aTN79@v4 | |
| 701 | 0 | @a常桂兰@Achang gui lan@4主编 |
| 701 | 0 | @a王成安@Awang cheng an@4主编 |
| 701 | 0 | @a任桂兰@Aren gui lan@4主编 |
| 801 | 0 | @aCN@bQSSK@c20060920 |
| 905 | @a10447@dTN79@eC276 | |
| 数字电子技术/常桂兰, 王成安, 任桂兰主编.-北京:中国铁道出版社,2005.07 |
| 251页:图;26cm.-(高职高专计算机系列教材) |
| ISBN 7-113-06534-1:CNY23.00 |
| 本书共分8章,内容包括数字电路基础、逻辑门电路、组合逻辑电路、集成触发电路、集成触发器、时序逻辑电路、脉冲的产生与整形等。 |
| ● |
| 相关链接 |
|
|
|
正题名:数字电子技术
索取号:TN79/C276
 
预约/预借
| 序号 | 登录号 | 条形码 | 馆藏地/架位号 | 状态 | 备注 |
| 1 | 591874 | 205918747 | 自科二线404/404自科库 13排4列1层/ [索取号:TN79/C276] | 在馆 | |
| 2 | 591875 | 205918756 | 自科库301/301自科库 32排1列4层/ [索取号:TN79/C276] | 在馆 | |
| 3 | 591876 | 205918765 | 自科库301/301自科库 32排1列4层/ [索取号:TN79/C276] | 在馆 |